000 00326nam a2200121Ia 4500
008 220204s9999 xx 000 0 und d
082 _a543.51
_bDEL
100 _aDe Leenheer, A P
245 0 _aQuantitative mass spectroscopy in life sciences
260 _aAmsterdam
_bElseevier
_c1977
700 _aRoncucci, R R
942 _cBK
999 _c28983
_d28983